| 000 | 00802nam a2200205 i 4500 | ||
|---|---|---|---|
| 001 | 14878 | ||
| 003 | ES-MaACL | ||
| 005 | 20251013212815.0 | ||
| 007 | t| | ||
| 008 | 990625s1996 sp ||||1| spa d | ||
| 080 | _a159.9 Piaget, Jean | ||
| 245 | 0 | 0 | _aPiaget y la psicología. |
| 260 |
_aMadrid : _bColegio Oficial de Psicólogos de Madrid, _c1996. |
||
| 300 |
_ap. 128-271 ; _c24 cm. |
||
| 500 | _aEspecial monográfico de "Psicología Evolutiva" : revista de los psicólogos de la educación con motivo de la Semana Jean Piaget, 18-22 de Noviembre de 1996. | ||
| 600 | 1 | 4 |
_aPiaget, Jean, _d1896-1980- _xCrítica e interpretación _991739 |
| 710 | 2 |
_aColegio Oficial de Psicólogos (España). _bDelegación de Madrid. _92978 |
|
| 852 |
_aES-MaACL _jL-22095 _bR.127360 |
||
| 999 |
_c14878 _d14878 |
||